Falsafah takdir

Bibliographic Details
Main Author: Za'ba , 1895-1973 (Author)
Format: Book
Published: Kuala Lumpur : Dewan Bahasa dan Pustaka , 1980
Subjects:

MARC

LEADER 00000cam a2200000 7i4500
001 0000004627
005 20181022093000.0
008 021118s1980
090 0 0 |a BP166.3   |b .Z32 
100 0 |a Za'ba ,   |d 1895-1973 ,   |e author 
245 0 0 |a Falsafah takdir   |c Za'b   |f disunting semula oleh Hamdan Hassan 
260 2 |a Kuala Lumpur :   |b Dewan Bahasa dan Pustaka ,   |c 1980 
300 |a 140 p. ;   |c 22 sm. 
650 0 |a Fate and fatalism   |x Religious aspects   |x Islam 
999 |a 1000006345   |b Book   |c OPEN SHELF (30 DAYS)   |e Gong Badak Campus